000 00627nam a22002537a 4500
003 UA-OsUOA
001 21771
007 ta
008 20031213b un ||||| |||| 00| 0 ukr d
100 _aГилярский Р.С.
090 _aГ-47-38 (075.8)
_bГ47
942 _cBK
040 _aUA-OsUOA
_brus
_cUA-OsUOA
_dUA-OsUOA
245 _aОсновы информатики
_bКурс лекций
300 _a319 с.
955 _a0
041 _arus
080 _aГ-47-38 (075.8)
020 _a5-94692-167-3
260 _aМосква
_bЭкзамен
_c2003
044 _aRU
650 7 _2UDC
999 _c307978
_d307978